Mikroekonomie I repetitorium a praktikum
Uložené v:
| Hlavný autor: | |
|---|---|
| Ďalší autori: | |
| Médium: | Kniha |
| Jazyk: | Czech |
| Vydavateľské údaje: |
Liberec
Technická univerzita v Liberci
2023
|
| Vydanie: | 9. upravené vydání |
| Predmet: | |
| Tagy: |
Žiadne tagy, Buďte prvý, kto otaguje tento záznam!
|
MARC
| LEADER | 00000nam a2200000 4500 | ||
|---|---|---|---|
| 001 | 0305495 | ||
| 005 | 20250227153552.8 | ||
| 020 | |a 978-80-7494-675-2 | ||
| 041 | 0 | |a cze | |
| 044 | |a CZ | ||
| 245 | 1 | 0 | |a Mikroekonomie I |b repetitorium a praktikum |c Blanka Brandová, Aleš Kocourek |
| 250 | |a 9. upravené vydání | ||
| 264 | 1 | |a Liberec |b Technická univerzita v Liberci |c 2023 | |
| 300 | |a 265 s. | ||
| 610 | 2 | 0 | |a mikroekonomika |
| 610 | 2 | 0 | |a trh |
| 610 | 2 | 0 | |a rovnováha trhová |
| 610 | 2 | 0 | |a dopyt |
| 610 | 2 | 0 | |a ponuka |
| 610 | 2 | 0 | |a konkurencia |
| 100 | 1 | |a Brandová, Blanka | |
| 700 | 1 | |a Kocourek, Aleš | |